| 000 | 00959nam a2200229Ia 4500 | ||
|---|---|---|---|
| 001 | 18104 | ||
| 003 | GE_BSU | ||
| 008 | 181216s||||||||xx |||||||||||||| ||und|| | ||
| 020 | _a978-9941-412-27-1 | ||
| 040 | _cGE_BSU | ||
| 080 | _a81'374.822=112.2'38=353.1'38 | ||
| 100 | _aსტამბოლიშვილი, ნ. | ||
| 245 | _aგერმანულ-ქართული ფრაზეოლოგიური ლექსიკონი = Deutsch-georgisches phraseologisches Worterbuch | ||
| 245 | _cრედ. ა. აბუსერიძე. მ. ფაღავა | ||
| 260 | _aბათუმი | ||
| 260 | _bშოთა რუსთაველის სახელმწ. უნ-ტის გამ-ბა | ||
| 260 | _c2010 | ||
| 300 | _a415გვ. ; 21სმ | ||
| 541 | _h12ლ. | ||
| 653 | _aგერმანულ-ქართული ფრაზეოლოგიური ლექსიკონი | ||
| 942 | _cBK | ||
| 999 |
_c51146 _d51146 |
||